MARC details
| 000 -LEADER |
| fixed length control field |
01886cam a22003735i 4500 |
| 001 - CONTROL NUMBER |
| control field |
016858041 |
| 003 - CONTROL NUMBER IDENTIFIER |
| control field |
EG-ScBUE |
| 005 - DATE AND TIME OF LATEST TRANSACTION |
| control field |
20230112102105.0 |
| 006 - FIXED-LENGTH DATA ELEMENTS--ADDITIONAL MATERIAL CHARACTERISTICS--GENERAL INFORMATION |
| fixed length control field |
m f m 00| 0 |
| 007 - PHYSICAL DESCRIPTION FIXED FIELD--GENERAL INFORMATION |
| fixed length control field |
ad aazaa |
| 008 - FIXED-LENGTH DATA ELEMENTS--GENERAL INFORMATION |
| fixed length control field |
140826s2013 cc a f 000 0 mul d |
| 020 ## - INTERNATIONAL STANDARD BOOK NUMBER |
| International Standard Book Number |
9789881997340 (set) |
| 040 ## - CATALOGING SOURCE |
| Original cataloging agency |
StDuBDS |
| Language of cataloging |
eng |
| Description conventions |
rda |
| Transcribing agency |
StDuBDS |
| Modifying agency |
Uk |
| -- |
EG-ScBUE |
| 041 0# - LANGUAGE CODE |
| Language code of text/sound track or separate title |
eng |
| -- |
chi |
| 082 04 - DEWEY DECIMAL CLASSIFICATION NUMBER |
| Classification number |
729.0285536 |
| Item number |
INT |
| Edition number |
22 |
| 245 00 - TITLE STATEMENT |
| Title |
Interior details CAD construction atlas / |
| Statement of responsibility, etc |
chief editor, Wang Yu. |
| 264 #1 - PUBLICATION, DISTRIBUTION, ETC. (IMPRINT) |
| Place of publication, distribution, etc |
Hong Kong : |
| Name of publisher, distributor, etc |
Artpower, |
| Date of publication, distribution, etc |
2013. |
| 300 ## - PHYSICAL DESCRIPTION |
| Extent |
4 volumes : |
| Other physical details |
illustrations (black and white) ; |
| Dimensions |
28 cm + |
| Accompanying material |
1 DVD |
| 336 ## - CONTENT TYPE |
| Source |
rdacontent |
| Content type term |
text |
| Content type code |
txt |
| 336 ## - CONTENT TYPE |
| Source |
rdacontent |
| Content type term |
spoken word |
| Content type code |
spw |
| 337 ## - MEDIA TYPE |
| Source |
rdamedia |
| Media type term |
unmediated |
| Media type code |
n |
| 337 ## - MEDIA TYPE |
| Source |
rdamedia |
| Media type term |
video |
| Media type code |
v |
| 338 ## - CARRIER TYPE |
| Source |
rdacarrier |
| Carrier type term |
volume |
| Carrier type code |
nc |
| 338 ## - CARRIER TYPE |
| Source |
rdacarrier |
| Carrier type term |
computer disc |
| Carrier type code |
cd |
| 500 ## - GENERAL NOTE |
| General note |
In slip case. |
| 505 0# - FORMATTED CONTENTS NOTE |
| Formatted contents note |
I. Detailed door graphs, Double doors, Sliding door, Sample door, Doorknobs, Door lock, European style window, Chinese style window, Window, Curtain, Flooring -- II. Wardrobe, Bookcase, Wine cabinet, Shoe cabinet, Adornment ark cabinet, Sofa, Table and chair, Desk, Tea table, Ware -- III. Metal ceiling, Western style ceiling, Modern style ceiling, Chinese style ceiling, Glass curtain wall, Stone curtain wall, Glass staircase, Metal staircase, Railing and armrest, Wooden staircase, Wood trim column, Aluminium - plastic composite panel column, Stone column, Statue -- IV. TV wall, Decoration wall, Hallway, Bar counter, Ornament, Figure, Sport, Electrical equipment, Musical instrument, Mirror, Bath product, Kitchen ware, Plants, Bonsai. |
| 546 ## - LANGUAGE NOTE |
| Language note |
Text in English and Chinese. |
| 650 #7 - SUBJECT ADDED ENTRY--TOPICAL TERM |
| Topical term or geographic name as entry element |
Interior architecture |
| General subdivision |
Computer-aided design. |
| Source of heading or term |
BUEsh |
| 651 ## - SUBJECT ADDED ENTRY--GEOGRAPHIC NAME |
| Source of heading or term |
BUEsh |
| 653 ## - INDEX TERM--UNCONTROLLED |
| Resource For college |
Engineering, Architecture |
| Arrived date list |
December2016 |
| 655 ## - INDEX TERM--GENRE/FORM |
| Form subdivision |
Reading book |
| 700 1# - ADDED ENTRY--PERSONAL NAME |
| Personal name |
Yu, Wang, |
| Relator term |
editor. |
| 942 ## - ADDED ENTRY ELEMENTS (KOHA) |
| Source of classification or shelving scheme |
Dewey Decimal Classification |
| Koha item type |
Book - Borrowing |